00751cam a2200217 a 450000500170000002000390001704000330005608200150008910000240010424500690012824600210019725000390021826000380025730000250029550000740032050400510039454600080044565000240045370000200047770000360049720251006105830.0 a0421744200 (pbk.)cTZS 33,192.30/= aMCCLbeng.eAACR 2nd rev ed. a340.07 WIL1 aWilliams, Glanville10aGlanville Williams :blearning the law /cby Glanville Williams.30aLearning the law a12th ed. / edited by A.T.H. Smith. aLondon :bSweet & Maxwell,c2002. axv, 284 p. ;c19 cm. aRev. ed. of: Learning the law / by Glanville Williams. 10th ed. 1978. aIncludes bibliographical references and index. aeng 0aLawzGreat Britain.1 aSmith, A. T. H.1 aWilliams, Glanvilled1911-1997.